| 000 | 00364nam a2200109Ia 4500 | ||
|---|---|---|---|
| 008 | 160909s9999 xx 000 0 und d | ||
| 100 | _aBrooks, Brittni L. | ||
| 245 | 4 | _aThe Eternal Girl: The Puella Problem in Disordered Eating | |
| 260 |
_bPacifica Graduate Institute. _c2016 |
||
| 650 | _aFOOD | ||
| 856 | _uhttp://pqdtopen.proquest.com/doc/1789892410.html?FMT=ABS | ||
| 999 |
_c303993 _d303993 |
||